01018cam a2200265 a 450000100100000000500170001000800410002702000150006804000250008308200250010810000340013324000260016724500720019325000110026526000320027630000210030853400340032965000250036365000290038870000320041791000370044995201230048695201280060999900150073700000458420200929151450.0890731s1999 sp 000 0 spa  a8420425095 aDO-SdBNPbspacBNPHU a833.914bG768a, 19991 aGrass, Günter,d1927-9376910aHundejahrelEspañol10aAños de perro /cGünter Grass ; traducción de Carlos Gerhard. a2a ed. aMadrid :bAlfaguara,c1999. a648 p. ;c22 cm. aTítulo original: Hundejahre 4aNovela alemana93302 4aLiteratura alemana9327412aGerhard, Carlos,etr.95131 aValidado. Control de calidad MFF 0010507-18MOaGRbGRcOId2014-02-04iLF1l0o833.914 G768a, 1999p4584-20r2020-06-25w2020-06-25y1ZNo se presta 001052708MOaGRbGRcHDd2009-07-23iLF1l0o833.914 G768a, 1999p4584-10r2020-06-25w2020-06-25y2ZPréstamo interno c4392d4392